<?xml version="1.0" encoding="UTF-8"?>
<record
    xmlns:xsi="http://www.w3.org/2001/XMLSchema-instance"
    xsi:schemaLocation="http://www.loc.gov/MARC21/slim http://www.loc.gov/standards/marcxml/schema/MARC21slim.xsd"
    xmlns="http://www.loc.gov/MARC21/slim">

  <leader>00828nam a22002537a 4500</leader>
  <controlfield tag="005">20250416224634.0</controlfield>
  <controlfield tag="008">241125b        |||||||| |||| 00| 0 eng d</controlfield>
  <datafield tag="017" ind1=" " ind2=" ">
    <subfield code="a">LD.4410</subfield>
  </datafield>
  <datafield tag="018" ind1=" " ind2=" ">
    <subfield code="a">2024</subfield>
  </datafield>
  <datafield tag="020" ind1=" " ind2=" ">
    <subfield code="a">9789788546276</subfield>
  </datafield>
  <datafield tag="040" ind1=" " ind2=" ">
    <subfield code="a">NLN</subfield>
    <subfield code="b">English</subfield>
    <subfield code="e">AACR2</subfield>
  </datafield>
  <datafield tag="050" ind1=" " ind2=" ">
    <subfield code="a">DT515.83</subfield>
    <subfield code="b">.A315 A3 2023</subfield>
  </datafield>
  <datafield tag="082" ind1=" " ind2=" ">
    <subfield code="a">925</subfield>
  </datafield>
  <datafield tag="100" ind1=" " ind2=" ">
    <subfield code="a">AKPAM, Monica Member</subfield>
    <subfield code="e">aut</subfield>
    <subfield code="9">61375</subfield>
  </datafield>
  <datafield tag="245" ind1=" " ind2=" ">
    <subfield code="a">God's maiden :</subfield>
    <subfield code="b">My life story /</subfield>
    <subfield code="c"> Monica Member Akpam</subfield>
  </datafield>
  <datafield tag="260" ind1=" " ind2=" ">
    <subfield code="a">Benue State (P.O.Box 161, High Level Plot 6875 David Mark by-Pass) : </subfield>
    <subfield code="b">Aboki Publishers,</subfield>
    <subfield code="c">2023</subfield>
  </datafield>
  <datafield tag="300" ind1=" " ind2=" ">
    <subfield code="a">xiv, 53p. ;</subfield>
    <subfield code="b">21cm.</subfield>
  </datafield>
  <datafield tag="563" ind1=" " ind2=" ">
    <subfield code="a">(pbk.)</subfield>
  </datafield>
  <datafield tag="650" ind1=" " ind2=" ">
    <subfield code="a">Apkam, Monica Member, 1983-</subfield>
    <subfield code="9">61376</subfield>
  </datafield>
  <datafield tag="650" ind1=" " ind2=" ">
    <subfield code="a">Nurses</subfield>
    <subfield code="v">Nigeria</subfield>
    <subfield code="x">Autobiography</subfield>
    <subfield code="9">61377</subfield>
  </datafield>
  <datafield tag="650" ind1=" " ind2=" ">
    <subfield code="a">Sisterhoods</subfield>
    <subfield code="v">Nigeria</subfield>
    <subfield code="9">61378</subfield>
  </datafield>
  <datafield tag="650" ind1=" " ind2=" ">
    <subfield code="a">Sisterhood of Congregation of sisters</subfield>
    <subfield code="9">61379</subfield>
  </datafield>
  <datafield tag="942" ind1=" " ind2=" ">
    <subfield code="c">BK</subfield>
    <subfield code="n">0</subfield>
  </datafield>
  <datafield tag="999" ind1=" " ind2=" ">
    <subfield code="c">31480</subfield>
    <subfield code="d">31480</subfield>
  </datafield>
  <datafield tag="952" ind1=" " ind2=" ">
    <subfield code="0">0</subfield>
    <subfield code="1">0</subfield>
    <subfield code="2">lcc</subfield>
    <subfield code="4">0</subfield>
    <subfield code="7">0</subfield>
    <subfield code="a">AKU</subfield>
    <subfield code="b">MAIN</subfield>
    <subfield code="d">2024-11-25</subfield>
    <subfield code="e">Legal deposit</subfield>
    <subfield code="i">447514</subfield>
    <subfield code="l">0</subfield>
    <subfield code="o">DT515.83.A315 A3 2023</subfield>
    <subfield code="p">447514</subfield>
    <subfield code="r">2024-11-25 14:31:06</subfield>
    <subfield code="t">1</subfield>
    <subfield code="w">2024-11-25</subfield>
    <subfield code="y">BK</subfield>
  </datafield>
  <datafield tag="952" ind1=" " ind2=" ">
    <subfield code="0">0</subfield>
    <subfield code="1">0</subfield>
    <subfield code="2">lcc</subfield>
    <subfield code="4">0</subfield>
    <subfield code="7">0</subfield>
    <subfield code="a">EDO</subfield>
    <subfield code="b">MAIN</subfield>
    <subfield code="d">2024-11-25</subfield>
    <subfield code="e">Legal deposit</subfield>
    <subfield code="i">447513</subfield>
    <subfield code="l">0</subfield>
    <subfield code="o">DT515.83.A315 A3 2023</subfield>
    <subfield code="p">447513</subfield>
    <subfield code="r">2024-11-25 14:32:36</subfield>
    <subfield code="t">1</subfield>
    <subfield code="w">2024-11-25</subfield>
    <subfield code="y">BK</subfield>
  </datafield>
  <datafield tag="952" ind1=" " ind2=" ">
    <subfield code="0">0</subfield>
    <subfield code="1">0</subfield>
    <subfield code="2">lcc</subfield>
    <subfield code="4">0</subfield>
    <subfield code="7">0</subfield>
    <subfield code="a">IBA</subfield>
    <subfield code="b">MAIN</subfield>
    <subfield code="d">2024-11-25</subfield>
    <subfield code="e">Legal deposit</subfield>
    <subfield code="i">447512</subfield>
    <subfield code="l">0</subfield>
    <subfield code="o">DT515.83.A315 A3 2023</subfield>
    <subfield code="p">447512</subfield>
    <subfield code="r">2024-11-25 14:33:54</subfield>
    <subfield code="t">1</subfield>
    <subfield code="w">2024-11-25</subfield>
    <subfield code="y">BK</subfield>
  </datafield>
</record>
